Statistics for All Liverpool players since World War II

Click here to take the quiz!

General Stats

  • This quiz has been taken 145 times
  • The average score is 106 of 438

Answer Stats

Hint Answer % Correct
710Steven Gerrard
95%
73Sadio Mane
84%
52Mohamed Salah
84%
369Robbie Fowler
83%
737Jamie Carragher
83%
144Roberto Firmino
82%
660Ian Rush
81%
133Luis Suarez
81%
297Michael Owen
81%
515Kenny Dalglish
78%
280Jordan Henderson
77%
100Joey Jones
77%
1Harold Jones
75%
210Xabi Alonso
75%
1Barry Jones
75%
278Bill Jones
75%
27Brad Jones
75%
4Lee Jones
75%
5Allan Jones
75%
5Mervyn Jones
75%
2Paul Jones
75%
243Rob Jones
75%
639Tommy Smith
75%
407John Barnes
75%
142Fernando Torres
74%
1James Smith
74%
11Brad Smith
74%
59Jack Smith
74%
200Glen Johnson
73%
210David Johnson
73%
359Graeme Souness
70%
45Trent Alexander Arnold
69%
394Pepe Reina
69%
282Gordon Milne
68%
277David James
65%
464Sami Hyypia
65%
22Virgil van Dijk
65%
30Andy Robertson
65%
414Peter Thompson
64%
476Phil Thompson
64%
201Philippe Coutinho
64%
620Alan Hansen
62%
56David Thompson
62%
2Max Thompson
62%
323Kevin Keegan
62%
202Simon Mignolet
62%
152Dejan Lovren
62%
364Steve McManaman
62%
628Bruce Grobbelaar
60%
650Phil Neal
58%
665Ray Clemence
57%
665Emlyn Hughes
57%
359Alan Kennedy
57%
393Ray Kennedy
57%
21Mark Kennedy
56%
326Laurie Hughes
56%
133Daniel Sturridge
56%
134Peter Crouch
56%
184Vladimir Smicer
55%
104John Aldridge
55%
129Raheem Sterling
55%
308Jamie Redknapp
55%
492Roger Hunt
55%
348John Arne Riise
53%
283Dietmar Hamann
53%
186Jerzy Dudek
52%
857Ian Callaghan
52%
108Milan Baros
52%
285Dirk Kuyt
52%
425Ian St John
52%
139Harry Kewell
51%
175Peter Beardsley
51%
58Andy Carroll
49%
77Divock Origi
49%
355Mark Lawrenson
49%
223Emile Heskey
49%
468Steve Nicol
49%
270Craig Johnston
48%
329Terry McDermott
48%
493Ronnie Whelan
48%
170Phil Babb
48%
473Steve Heighway
47%
92Georginio Wijnaldum
47%
79Djibril Cisse
47%
49Loris Karius
47%
121Luis Garcia
45%
246John Toshack
44%
81Stan Collymore
44%
320Martin Skrtel
44%
41Joe Gomez
44%
132James Milner
44%
140Adam Lallana
44%
146Ryan Babel
43%
346Lucas Pezzini Leiva
42%
163Michael Thomas
42%
232Daniel Agger
42%
28Robbie Keane
42%
67Joël Matip
42%
390Tommy Lawrence
40%
217Steve Finnan
40%
454Ron Yeats
40%
52Michael Robinson
40%
295Sammy Lee
40%
278Bob Paisley
40%
277Steve McMahon
40%
196Patrik Berger
40%
11Jack Robinson
40%
98Nathaniel Clyne
40%
292Jan Mølby
39%
42Joe Cole
39%
139Javier Mascherano
39%
147Gary Ablett
38%
269Jimmy Case
38%
111Alun Evans
38%
107John Evans
36%
148Steve Staunton
36%
205Stephane Henchoz
36%
11Roy Evans
36%
152Neil Ruddock
36%
210Mark Wright
36%
42Alex Oxlade Chamberlain
36%
136Alberto Moreno
35%
1Tom Ince
35%
94John Scales
35%
87Gary McAllister
35%
249Danny Murphy
35%
81Paul Ince
35%
36Rickie Lambert
35%
341Ray Lambert
35%
21Stephen Wright
35%
80El Hadji Diouf
34%
141Djimi Traore
34%
214Gary Gillespie
34%
535Billy Liddell
34%
139Jason McAteer
34%
73Markus Babbel
32%
98Alvaro Arbeloa
32%
1Harry Wilson
32%
549Chris Lawler
32%
112Paul Walsh
32%
153David Fairclough
32%
218Larry Lloyd
32%
73Maxi Rodriguez
31%
44Nigel Clough
31%
9Danny Wilson
31%
79Craig Bellamy
30%
91Stewart Downing
30%
132Joe Allen
30%
87Mohamed Sissoko
30%
103Sander Westerveld
30%
222Brian Hall
29%
202Ray Houghton
29%
184Stig Inge Bjørnebye
29%
61Dean Saunders
29%
144Roy Saunders
29%
248Alec Lindsay
29%
61Fernando Morientes
29%
51Jon Flanagan
29%
380Ronnie Moran
29%
134Fabio Aurelio
27%
34Bryan Williams
27%
1Jordan Williams
27%
80Mamadou Sakho
27%
93Glenn Hysen
27%
108John Wark
26%
167Emre Can
26%
134Yossi Benayoun
26%
98Jim Beglin
26%
22Nicolas Anelka
26%
118Igor Biscan
26%
28Mario Balotelli
26%
99Jose Enrique
26%
37Charlie Adam
26%
43Jari Litmanen
25%
124Mark Walters
25%
246Phil Taylor
25%
21Abel Xavier
25%
71Kolo Toure
25%
1Kit Fagan
25%
104Willie Fagan
25%
45Chris Kirkland
23%
32Christian Ziege
23%
62Martin Kelly
23%
56Albert Riera
23%
58Nick Barmby
23%
333Gerry Byrne
23%
73Mike Hooper
23%
42Christian Benteke
23%
25Danny Ings
22%
178Peter Cormack
22%
28Alberto Aquilani
22%
49David Hodgson
22%
101Mike Marsh
21%
155Dominic Matteo
21%
24Sebastian Coates
21%
1Steve Arnold
21%
63Nigel Spackman
21%
97Ronny Rosenthal
21%
193David Burrows
21%
61Salif Diao
19%
158Barry Venison
19%
53Ragnar Klavan
19%
54Bjørn Tore Kvarme
19%
81Jermaine Pennant
19%
42Paul Stewart
19%
20Kevin Stewart
19%
381Alan A'Court
19%
94David N'Gog
19%
28Julian Dicks
19%
31Andrea Dossena
18%
47Boudewijn Zenden
18%
37Titi Camara
18%
40Andriy Voronin
18%
15Iago Aspas
18%
120Phil Boersma
18%
24Avi Cohen
18%
76Karl Heinz Riedle
18%
58Jordon Ibe
18%
22Neil Mellor
18%
69Ian Ross
18%
69Jonjo Shelvey
18%
34Lazar Markovic
17%
49Øyvind Leonhardsen
17%
31Brad Friedel
17%
38Fabio Borini
17%
67Stephen Warnock
17%
217Dick White
17%
66Florent Sinama Pongolle
17%
65Vegard Heggem
17%
64Kevin MacDonald
17%
241Willie Stevenson
17%
27Antonio Nunez
17%
44Colin Irwin
17%
5Howard Gayle
17%
5Steve Ogrizovic
16%
32Anthony Le Tallec
16%
27Dominic Solanke
16%
38Rigobert Song
16%
44Raul Meireles
16%
55Jay Spearing
16%
14David Speedie
14%
9Scott Carson
14%
18Paul Konchesky
14%
9Alex Watson
14%
1Ryan Kent
14%
201Geoff Strong
13%
18Jan Kromkamp
13%
11Ben Woodburn
13%
48Bruno Cheyrou
13%
56Tony Hateley
13%
6Adam Bogdan
13%
183Jack Balmer
13%
3Danny Ward
13%
17Richard Money
12%
42Peter Wall
12%
8Jimmy Carter
12%
132Bobby Graham
12%
139Steve Harkness
12%
5Kevin Sheedy
10%
22Victor Moses
10%
56Alf Arrowsmith
10%
18Milan Jovanovic
10%
76Eric Anderson
10%
127Tommy Younger
10%
5Jerome Sinclair
10%
62Emiliano Insua
10%
32Nabil El Zhar
10%
5Sean Dundee
10%
21Christian Poulsen
10%
180Albert Stubbins
10%
286Jimmy Melia
9%
59Nicky Tanner
9%
60Don Hutchison
9%
12Oussama Assaidi
9%
35Jose Miguel Gonzalez
9%
19Javi Manquillo
9%
10John Welsh
9%
13Sheyi Ojo
9%
19Aly Cissokho
8%
10Istvan Kozma
8%
24Torben Piechnik
8%
49Sotirios Kyrgiakos
8%
165Cyril Sidlow
8%
6Stephen Darby
8%
14Marko Grujic
8%
36Mark Gonzalez
8%
132Brian Jackson
8%
12Luis Alberto
6%
20Gregory Vignal
6%
2Conor Coady
6%
2Mark Seagraves
6%
22Alan Waddle
6%
5Jordan Rossiter
6%
55John McLaughlin
6%
5Bernard Diomede
6%
6Pegguy Arphexad
6%
8Connor Randall
6%
2Jean Michel Ferri
5%
7Bobby Thomson
5%
10Diego Cavalieri
5%
12Nuri Sahin
5%
12Trevor Storton
5%
4Steven Caulker
5%
48Fred Morris
5%
27Erik Meijer
5%
17Darren Potter
5%
82Kevin Lewis
5%
22Andre Wisdom
5%
184Geoff Twentyman
4%
1Kevin Kewley
4%
3Tiago Ilori
4%
8Damien Plessis
4%
8Gabriel Paletta
4%
2Samed Yesil
4%
3John Durnin
4%
9Nathan Eccleston
4%
245Jimmy Payne
4%
4Sebastian Leto
4%
152Kevin Baron
4%
24Bobby Campbell
4%
1Colin Russell
4%
21Gordon Wallace
4%
4Brian Kettle
4%
50Dave Underwood
4%
5Daniel Ayala
4%
48Don Campbell
4%
19Berry Nieuwenhuys
4%
108Cyril Done
4%
102Louis Bimpson
4%
17Jack Whitham
4%
168Eddie Spicer
4%
13Philipp Degen
4%
13Mauricio Pellegrino
4%
2Frank Lane
3%
45Sammy Smyth
3%
3Adam Morgan
3%
63Tony Rowley
3%
17Dani Pacheco
3%
249John Molyneux
3%
2Phil Charnock
3%
2Frode Kippe
3%
1John Nicholson
3%
1Billy Molyneux
3%
1John Ogston
3%
1Dave Rylands
3%
1Patrice Luzi
3%
1Mark Smyth
3%
119Tommy Leishman
3%
1Miki Roque
3%
111Bert Slater
3%
1Sergi Canos
3%
177Johnny Wheeler
3%
105Jimmy Harrower
3%
7Alex South
3%
28Phil Ferns
3%
17Doug Livermore
3%
8Ovie Ejaria
3%
11Arthur Rowley
3%
8Joao Carlos Teixeira
3%
28Jim Furnell
3%
7Zak Whitbread
3%
2Fred Finney
1%
2John Easdale
1%
31Ray Minshull
1%
73Russell Crossley
1%
75Alan Arnell
1%
8Alan Banks
1%
1Willie Carlin
1%
4Jon Newby
1%
1Tommy Lowry
1%
24Billy Watkinson
1%
21Harry Eastham
1%
1Brian Mooney
1%
89Charlie Ashcroft
1%
1Leyton Maxwell
1%
1Antonio Barragan
1%
1David Amoo
1%
11Les Shannon
1%
1Joe Maguire
1%
9Phil Chisnall
1%
67Dave Hickson
1%
3Richie Partridge
1%
45Jim Harley
1%
4Alan Irvine
1%
7Cameron Brannagan
1%
4Tom Bush
1%
5Jack Hobbs
1%
7Charles Itandje
1%
6Len Carney
1%
3Steve Peplow
1%
6Pedro Chirivella
1%
6Hugh Gerhardi
0%
4Alex Muir
0%
12Joe Maloney
0%
79Barry Wilkinson
0%
9George Whitworth
0%
1Derek Brownbill
0%
10Tony McNamara
0%
57Bill Shepherd
0%
37Johnny Morrissey
0%
1Lauri Dalla Valle
0%
42Frank Lock
0%
21Jesus Saenz
0%
1John Sealey
0%
20Steve Parr
0%
36Tom McNulty
0%
19Bobby Murdoch
0%
11Jack Haigh
0%
1Daniele Padelli
0%
6Jon Otsemobor
0%
6Joe Dickson
0%
1Reg Blore
0%
1Alan Hignett
0%
4Donieber Marangon
0%
7Danny Guthrie
0%
2Harry Kaye
0%
3Harry Nickson
0%
2Doug McAvoy
0%
2Don Woan
0%
2Bert Childs
0%
2Fred Tomley
0%
7Tommy McLeod
0%
59Ken Brierley
0%
66Doug Rudham
0%
40Bob Priday
0%
4Frank Christie
0%
67Jackie Heydon
0%
4Lee Peltier
0%
4David Raven
0%
1Alf Hobson
0%
1Peter Kippax
0%
1Sam Shields
0%
13Stan Polk
0%
1Keith Burkinshaw
0%
1John Price
0%
1Fred Perry
0%
35Barney Ramsden
0%
5Joe Cadden
0%

Score Distribution

Percentile by Number Answered

Percent of People with Each Score

Your Score History

You have not taken this quiz